|
|
|
|
| LEADER |
00000nab a2200000 a 4500 |
| 001 |
vtls000170296 |
| 003 |
SK-MaSNL |
| 005 |
20260305035614.0 |
| 008 |
160204c1983 xo 0 slo |
| 015 |
|
|
|a SNBRA19rr/mm-uuuuu
|
| 035 |
|
|
|a CL0180407
|
| 040 |
|
|
|a SNKBUCL
|b slo
|c SNKBUCL
|e AACR2
|
| 041 |
0 |
|
|a slo
|
| 044 |
|
|
|a xo
|c SK
|
| 080 |
|
|
|a 633.2/.3
|2 1981
|
| 080 |
|
|
|a 631.16
|2 1981
|
| 100 |
1 |
|
|a Tomka, J.
|4 aut
|9 664687
|
| 245 |
1 |
0 |
|a Ekonomika výroby živín z objemových krmovín
|c J. Tomka
|
| 300 |
|
|
|b Tb. 5. Res. rus., angl., lit. 7 zázn. v slov., češ.
|
| 650 |
0 |
7 |
|a objemové krmoviny
|2 snkbucl
|9 132013
|
| 655 |
|
7 |
|a články zo zborníkov
|2 snkbucl
|9 166140
|
| 773 |
0 |
|
|t Vedecké práce Výskumného ústavu lúk a pasienkov v Banskej Bystrici 17
|d Bratislava : Príroda, 1983
|g S. 197-209
|
| 850 |
|
|
|a Slovenská národná knižnica v Martine
|a MTA001
|
| 852 |
|
|
|a SNK
|b KIS3GCP
|
| 958 |
|
|
|a NB
|
| 958 |
|
|
|a RK
|
| 992 |
|
|
|a RZB
|
| 999 |
|
|
|c 3334813
|d 3336743
|